| 000 | 01586nam a2200397 a 4500 | ||
|---|---|---|---|
| 999 |
_c59753 _d59753 |
||
| 001 | 4494246 | ||
| 003 | ARRUPE | ||
| 005 | 20170601085731.0 | ||
| 008 | 970211s1996 sa ab b 001 0 eng d | ||
| 010 | _a 97114603 | ||
| 035 | _a(OCoLC)37223717 | ||
| 040 |
_aWU _cWU _dDLC |
||
| 042 | _alccopycat | ||
| 043 | _af-rh--- | ||
| 050 | 0 | 0 |
_aDT2913.S55 _bH85 1996 |
| 082 | 0 | 0 |
_a968.91/01 _221 |
| 100 | 1 |
_aHuffman, Thomas N. _931795 |
|
| 245 | 1 | 0 |
_aSnakes & crocodiles : _bpower and symbolism in ancient Zimbabwe / _cThomas N. Huffman. |
| 246 | 3 | _aSnakes and crocodiles | |
| 260 |
_aJohannesburg, South Africa : _bWitwatersrand University Press : _bThorold's Africana Books [distributor], _cc1996. |
||
| 300 |
_ax, 228 p. : _bill. (some col.), maps ; _c25 cm. |
||
| 500 | _aDistributor from sticker on verso of cover. | ||
| 504 | _aIncludes bibliographical references (p. [215]-221) and index. | ||
| 650 | 0 |
_aShona (African people) _xAntiquities. _928421 |
|
| 650 | 0 |
_aShona (African people) _xSocial life and customs. _930981 |
|
| 650 | 0 |
_aShona (African people) _xFolklore. _914055 |
|
| 650 | 0 |
_aVenda (African people) _xAntiquities. _931796 |
|
| 650 | 0 |
_aVenda (African people) _xSocial life and customs. _931797 |
|
| 650 | 0 |
_aVenda (African people) _xFolklore. _931798 |
|
| 650 | 0 |
_aSnakes _zZimbabwe _xFolklore. _931799 |
|
| 650 | 0 |
_aCrocodiles _zZimbabwe _xFolklore. _931800 |
|
| 651 | 0 |
_aZimbabwe _xAntiquities. _99546 |
|
| 906 |
_a7 _bcbc _ccopycat _d3 _encip _f19 _gy-gencatlg |
||
| 942 |
_2lcc _cMONOGRAPH |
||